Per aspera ad astra /

Bibliographic Details
Corporate Author: Stars of the Lid (Musical group) (Performer)
Other Authors: McCafferty, Jon, 1961- (Performer)
Format: CD Audio
Language:English
Published: Chicago, Ill. : Kranky, [1998]
Subjects:

MARC

Tag First Indicator Second Indicator Subfields
LEADER 00000cjm a2200000Ia 4500
001 in00002734521
005 20151202144212.0
007 sd fungnn|||ed
008 090521s1998 ilurcnn n eng d
024 1 |a 796441802821 
028 0 2 |a KRANK 028  |b Kranky 
035 |a (OCoLC)ocn335429032 
035 |a (OCoLC)335429032 
037 |b Midwest Tape  |n http://www.midwesttapes.com 
040 |a TEFMT  |c TEFMT  |d TEF  |d UtOrBLW 
049 |a TXAM 
050 1 4 |a M1630.18.S83  |b P47 1998 
082 0 4 |a 782.42166  |2 22 
090 |a M1630.18.S7397  |b P47 1998 
110 2 |a Stars of the Lid (Musical group),  |e performer. 
245 1 0 |a Per aspera ad astra /  |c Stars of the Lid & Jon McCafferty. 
264 1 |a Chicago, Ill. :  |b Kranky,  |c [1998] 
300 |a 1 sound disc :  |b digital ;  |c 4 3/4 in. 
336 |a performed music  |b prm  |2 rdacontent 
337 |a audio  |b s  |2 rdamedia 
338 |a audio disc  |b sd  |2 rdacarrier 
511 0 |a Performed by Stars of the Lid & Jon McCafferty. 
500 |a Compact disc. 
505 0 0 |t Low level listening part one --  |t Low level listening part two --  |t Low level listening part three --  |t Anchor states part one --  |t Anchor states part two --  |t Anchor states part three. 
500 |a Sound recording. 
650 0 |a Rock music  |y 1991-2000. 
700 1 |a McCafferty, Jon,  |d 1961-  |e performer. 
948 |a cataloged  |b h  |c 2011/12/1  |d c  |e jstorlie  |f 9:29:54 am 
994 |a C0  |b TXA 
999 |a MARS 
999 f f |s e0397ad5-97fa-34da-87a8-250b49ca73ec  |i 740ef7fe-e525-3f57-bedb-0ce6040ee9c5  |t 0 
952 f f |p ric  |a Texas A&M University  |b Rellis Campus  |c Joint Library Facility  |d Remote Storage  |t 0  |e M1630.18.S7397 P47 1998  |h Library of Congress classification  |i audio -- audio disc  |m A14841328260 
998 f f |a M1630.18.S7397 P47 1998  |t 0  |l Remote Storage